00730nam a2200217 a 4500001001000000003000900010005001700019007000300036008004100039040002500080082000700105110003600112245002400148260005400172300003500226590002600261942001400287952009400301952010000395999001700495000029741DO-SdBNP20230411110550.0ta110425s1993 dr ad 000 0 spa d aDO-SdBNPbspacBNPHU 42222 aGrupo Financiero Popular91053300aMemoria anual 1993. aSanto Domingo :bGrupo Financiero Popular,c1993. a84 p. :bil. diagrs. ;c28 cm. aInventariado, 2023/BT 2ddccLBS1 00102ddc51708PDaBNPHUbBNPHUcCTd2011-04-25p29741-10r2020-06-25w2020-06-25yLBS1 00102ddc51708PDaBNPHUbBNPHUcCTd2011-07-13p29741-20r2020-06-25te. 2w2020-06-25yLBS1 c29233d29233